Bảo vệ thực vật : Giáo trình cao đẳng sư phạm /
Đã lưu trong:
| 主要作者: | |
|---|---|
| 其他作者: | |
| 格式: | Sách giấy |
| 語言: | Vietnamese |
| 出版: |
H. :
Nông nghiệp,
2007.
|
| 主題: | |
| 標簽: |
添加標簽
沒有標簽, 成為第一個標記此記錄!
|
| Thư viện lưu trữ: | Thư viện Trường Đại học Đà Lạt |
|---|
| LEADER | 00890nam a2200337 4500 | ||
|---|---|---|---|
| 001 | DLU110122121 | ||
| 005 | ##20110531 | ||
| 040 | # | # | |a DLU |b vie |
| 041 | # | # | |a vie |
| 044 | # | # | |a vn |
| 082 | # | # | |a 632.9 |b NG-N |
| 100 | # | # | |a Nguyễn Thế Nhã. |
| 245 | # | # | |a Bảo vệ thực vật : |b Giáo trình cao đẳng sư phạm / |c Nguyễn Thế Nhã, Trần Văn Mão. |
| 260 | # | # | |a H. : |b Nông nghiệp, |c 2007. |
| 300 | # | # | |a 356 tr. : |b minh hoạ ; |c 27 cm. |
| 504 | # | # | |a Tài liệu tham khảo :tr.346. |
| 653 | # | # | |a Bảo vệ thực vật |
| 653 | # | # | |a Giáo trình |
| 653 | # | # | |a Nông nghiệp |
| 653 | # | # | |a Sâu bệnh |
| 700 | # | # | |a Trần Văn Mão. |
| 923 | # | # | |a 01/2011SH |
| 992 | # | # | |a 90.000 |
| 994 | # | # | |a KSH |
| 900 | # | # | |a True |
| 911 | # | # | |a Đào Thị Thu Huyền |
| 925 | # | # | |a G |
| 926 | # | # | |a A |
| 927 | # | # | |a SH |
| 980 | # | # | |a Thư viện Trường Đại học Đà Lạt |